<?xml version="1.0" encoding="UTF-8"?><?xml-stylesheet type="text/xsl" href="static/style.xsl"?><OAI-PMH xmlns="http://www.openarchives.org/OAI/2.0/" xmlns:xsi="http://www.w3.org/2001/XMLSchema-instance" xsi:schemaLocation="http://www.openarchives.org/OAI/2.0/ http://www.openarchives.org/OAI/2.0/OAI-PMH.xsd"><responseDate>2026-04-17T03:41:50Z</responseDate><request verb="GetRecord" identifier="oai:riubu.ubu.es:10259/8288" metadataPrefix="marc">https://riubu.ubu.es/oai/request</request><GetRecord><record><header><identifier>oai:riubu.ubu.es:10259/8288</identifier><datestamp>2024-05-17T07:30:31Z</datestamp><setSpec>com_10259_5501</setSpec><setSpec>com_10259_5086</setSpec><setSpec>com_10259_2604</setSpec><setSpec>com_10259_7877</setSpec><setSpec>com_10259_7387</setSpec><setSpec>col_10259_5502</setSpec><setSpec>col_10259_8289</setSpec><setSpec>col_10259_7419</setSpec></header><metadata><record xmlns="http://www.loc.gov/MARC21/slim" xmlns:doc="http://www.lyncode.com/xoai" xmlns:xsi="http://www.w3.org/2001/XMLSchema-instance" xmlns:dcterms="http://purl.org/dc/terms/" xsi:schemaLocation="http://www.loc.gov/MARC21/slim http://www.loc.gov/standards/marcxml/schema/MARC21slim.xsd">
<leader>00925njm 22002777a 4500</leader>
<datafield tag="042" ind1=" " ind2=" ">
<subfield code="a">dc</subfield>
</datafield>
<datafield tag="720" ind1=" " ind2=" ">
<subfield code="a">Barrero Ahedo, Jesús P.</subfield>
<subfield code="e">author</subfield>
</datafield>
<datafield tag="720" ind1=" " ind2=" ">
<subfield code="a">López Perea, Eva María</subfield>
<subfield code="e">author</subfield>
</datafield>
<datafield tag="720" ind1=" " ind2=" ">
<subfield code="a">Herrera, Sixto</subfield>
<subfield code="e">author</subfield>
</datafield>
<datafield tag="720" ind1=" " ind2=" ">
<subfield code="a">Mariscal Saldaña, Miguel Ángel</subfield>
<subfield code="e">author</subfield>
</datafield>
<datafield tag="720" ind1=" " ind2=" ">
<subfield code="a">García Herrero, Susana</subfield>
<subfield code="e">author</subfield>
</datafield>
<datafield tag="260" ind1=" " ind2=" ">
<subfield code="c">2020-11</subfield>
</datafield>
<datafield tag="520" ind1=" " ind2=" ">
<subfield code="a">Hearing loss affects hundreds of millions of people all over the world, leading to several types of disabilities, ranging from purely physical to psychological and/or social aspects. A proper analysis to ascertain the main risk factors is essential in order to diagnose early and treat adequately. An exploratory analysis based on a heterogeneous sample of 1418 workers is presented in order to identify the main trigger factors for hearing loss. On the one hand, we recorded several medical and environmental parameters, and on the other, we created a model based on Bayesian networks in order to be able to infer the probability of hearing loss considering different scenarios. This paper focuses on three parameters: gender, age, and a family history of hearing problems. The results obtained allow us to infer or predict the best or worst auditory level for an individual under several different scenarios. The least relevant factor is the existence of a family history of deafness, followed by the gender factor, which slopes considerably toward better hearing for females, and most prominent of all, the age factor, given the large differences identified between the various age groups when the gender and family history of deafness variables remain constant.</subfield>
</datafield>
<datafield tag="024" ind2=" " ind1="8">
<subfield code="a">1661-7827</subfield>
</datafield>
<datafield tag="024" ind2=" " ind1="8">
<subfield code="a">http://hdl.handle.net/10259/8288</subfield>
</datafield>
<datafield tag="024" ind2=" " ind1="8">
<subfield code="a">10.3390/ijerph17218041</subfield>
</datafield>
<datafield tag="024" ind2=" " ind1="8">
<subfield code="a">1660-4601</subfield>
</datafield>
<datafield ind1=" " ind2=" " tag="653">
<subfield code="a">Hearing loss</subfield>
</datafield>
<datafield ind1=" " ind2=" " tag="653">
<subfield code="a">Bayesian network</subfield>
</datafield>
<datafield ind1=" " ind2=" " tag="653">
<subfield code="a">Gender</subfield>
</datafield>
<datafield ind1=" " ind2=" " tag="653">
<subfield code="a">Age</subfield>
</datafield>
<datafield ind1=" " ind2=" " tag="653">
<subfield code="a">Family history</subfield>
</datafield>
<datafield tag="245" ind1="0" ind2="0">
<subfield code="a">Assessment and Modeling of the Influence of Age, Gender, and Family History of Hearing Problems on the Probability of Suffering Hearing Loss in the Working Population</subfield>
</datafield>
</record></metadata></record></GetRecord></OAI-PMH>